| 000 | 00620nam a2200205 u 4500 | ||
|---|---|---|---|
| 005 | 20210223133755.0 | ||
| 008 | 190314s1990 r 000 0 eng d | ||
| 020 | _a9682928265 | ||
| 035 | _aUPN01000229616 | ||
| 049 | _aCG | ||
| 050 | 4 |
_aHQ1240.5 M6 _bM3.6 1990 |
|
| 245 | 0 | 0 |
_aManual para la investigación participativa / _ccoord. Elvira Margarita Peña Rodríguez. |
| 250 | _a3a ed. | ||
| 260 |
_aMéxico : _bSEP : _bDGEI, _c1990. |
||
| 300 |
_a92 p. : _bil. |
||
| 650 | 4 |
_aMUJERES EN EL DESARROLLO RURAL - _zMEXICO _927654 |
|
| 650 | 4 |
_aPOLITICA SOCIAL - _zMEXICO _917460 |
|
| 905 | _aLibro | ||
| 999 |
_c201711 _d201711 |
||